Statistics for Who managed these teams?

Click here to take the quiz!

General Stats

  • This quiz has been taken 14 times
  • The average score is 9 of 10

Answer Stats

HintAnswer% Correct
Italy NT (assistant), Reggiana, Parma, Juventus, AC milan, Chelsea, PSG, Real Madrid, Bayern Munich, Napoli, Everton, Real Madrid.Carlo Ancelotti
100%
Benfica, Uniao de Leiria, Porto, Chelsea, Inter Milan, Real Madrid, Chelsea, Manchester United, Tottenham Hotspur, AS Roma.Jose Mourinho
100%
AS Roma, RC Celta, FC Barcelona, Spain NT.Luis Enrique
100%
Mainz 05, Borussia Dortmund, PSG, Chelsea, Bayern Munich.Thomas Tuchel
100%
AS Nancy, AS Monaco, Nagoya Grampus Eight, Arsenal.Arsene Wenger
92%
Netherlands (assistant), FC Barcelona (assistant), Vitesse, Ajax, Benfica, PSV Eindhoven, Valencia, AZ Alkmaar, Feyenoord, Southampton, Everton, Netherlands NT, FC Barcelona, Netherlands NT.Ronald Koeman
92%
AC Milan, Real Madrid, AC Milan, Roma, Juventus, Real Madrid, England NT, Russia NT, Jiangsu Suning.Fabio Capello
85%
Stia, Faellese, Cavriglia, Antella, Valdema, Tegoleto, Sansovino, Sangiovannese, Pescara, Arezzo, Avellino, Hellas Verona, Perugia, Grosseto, Alessandria, Sorrento, Empoli, Napoli, Chelsea, Juventus, Lazio.Maurizio Sarri
85%
Halmstads BK, Bristol City, IK Oddesvold, Orebro SK, Malmo FF, Neuchatel Xamax, Switzerland NT, Inter Milan, Blackburn Rovers, Inter Milan, Grasshoppers, FC Copenhagen, Udinese, UAE NT, Viking, Finland NT, Fulham, Liverpool, West Brownich Albion, England NT, Crystal Palace, Watford, Crystal Palace.Roy Hodgson
85%
Corvinul Hunedoara, Romania NT, Dinamo Bucaresti, Pisa SC, Brescia, Reggiana, Rapid Bucaresti, Inter Milan, Rapid Bucaresti, Galatasaray, Besiktas, Shakhtar Donetsk, Zenit Saint Petersburg, Turkey NT, Dynamo Kyiv.Mircea Lucescu
31%

Score Distribution

Percentile by Number Answered

Percent of People with Each Score

Your Score History

You have not taken this quiz